000
00337nam a22001457a 4500
008
240318b ||||| |||| 00| 0 eng d
020
_a
9780743264761
041
_a
eng
080
_2
2005
_a
61
082
_a
61KAU
100
_a
5
101
_a
MJEKSI E PERGJITHSHME
245
_a
AND A TIME TO DIE
_c
SHARON R.KAUFMAN
942
_2
udc
_c
BK
999
_c
60617
_d
60617